[Event "Hong Kong-ch op"]
[Site "Hong Kong"]
[Date "2017.11.20"]
[Round "7"]
[White "Wong, Enoch Yat Long"]
[Black "Kannappan, Thanneermalai"]
[Result "1-0"]
[WhiteElo "1714"]
[BlackElo "1332"]
[PlyCount "127"]
[EventDate "2017.10.09"]
[EventType "swiss"]
[EventRounds "7"]
[EventCountry "HKG"]
[SourceTitle "EXT 2019"]
[Source "ChessBase"]
[SourceDate "2018.10.10"]
[SourceVersion "1"]
[SourceVersionDate "2018.10.10"]
[SourceQuality "1"]

1. e4 e5 2. Nf3 Nc6 3. d4 exd4 4. Bc4 d6 5. c3 dxc3 6. Nxc3 Nf6 7. Qb3 d5 8. exd5 Na5 9. Qa4+ c6 10. dxc6 Nxc6 11. 0-0 Be7 12. Ne5 0-0 13. Nxc6 bxc6 14. Qxc6 Bd7 15. Qf3 Qc7 16. Nd5 Qxc4 17. Nxe7+ Kh8 18. Bg5 Ne4 19. Qf4 f6 20. Rfe1 Qc5 21. Qxe4 Qxg5 22. Rad1 Bh3 23. Rd3 f5 24. Qf3 Bg4 25. Qe3 f4 26. Qe5 Qh4 27. h3 Bh5 28. Nf5 Qg5 29. Nd4 Qg6 30. Ne6 f3 31. g3 Rfe8 32. Rd7 Rac8 33. Rd5 Rc6 34. Qxh5 Rcxe6 35. Rxe6 Qxe6 36. Qxf3 Qxh3 37. Rd1 h6 38. Qf7 Re5 39. Qg6 Qc8 40. Qd6 Re8 41. Qd4 Qb7 42. Rc1 a5 43. b3 Re6 44. Qg4 Qd7 45. Kh2 Qf7 46. Qd4 Rf6 47. Kg1 Rf5 48. Rc8+ Kh7 49. Qd3 Qe6 50. Rf8 Qe1+ 51. Kg2 Qxf2+ 52. Kh3 g6 53. Qd7+ Rf7 54. Rxf7+ Qxf7 55. Qxf7+ Kh8 56. Qxg6 a4 57. Qxh6+ Kg8 58. bxa4 Kf7 59. a5 Kg8 60. a6 Kf7 61. a7 Kg8 62. a8Q+ Kf7 63. Qa7+ Kg8 64. Qag7# 1-0

[Event "Hong Kong-ch op"]
[Site "Hong Kong"]
[Date "2017.10.30"]
[Round "4"]
[White "Kannappan, Thanneermalai"]
[Black "Lee, Wing Kin"]
[Result "1-0"]
[WhiteElo "1332"]
[BlackElo "1175"]
[PlyCount "33"]
[EventDate "2017.10.09"]
[EventType "swiss"]
[EventRounds "7"]
[EventCountry "HKG"]
[SourceTitle "EXT 2019"]
[Source "ChessBase"]
[SourceDate "2018.10.10"]
[SourceVersion "1"]
[SourceVersionDate "2018.10.10"]
[SourceQuality "1"]

1. e4 d5 2. exd5 Qxd5 3. Nc3 Qe6+ 4. Be2 Qg6 5. Bf3 e5 6. Nge2 Nc6 7. d4 Bf5 8. 0-0 0-0-0 9. d5 e4 10. Nf4 Qf6 11. Bxe4 Bd6 12. dxc6 b6 13. Bxf5+ Qxf5 14. Qf3 Nf6 15. a4 Rhg8 16. Qh3 Bxf4 17. Qxf5+ 1-0